| 000 | 00585nam a22001937a 4500 | ||
|---|---|---|---|
| 008 | 160625b xxu||||| |||| 00| 0 eng d | ||
| 020 | _a981-247-036-0 | ||
| 082 |
_22002 _aDC 621.395 _bM31d |
||
| 100 |
_910479 _aMano, M. Morris. |
||
| 245 |
_aDigital design/ _cM. Morris Mano. |
||
| 250 | _aThird Edition | ||
| 260 |
_aSingapore: _bPearson Education, Asia Pte, Ltd., _cc2002. |
||
| 300 |
_axii, 516 pages: _billustrations; _c23 cm. |
||
| 500 | _aIncludes index. | ||
| 650 | 0 |
_910484 _aDigital electronics |
|
| 650 | 0 |
_910485 _aLogic design |
|
| 365 |
_b550.00 _cPhp |
||
| 942 |
_2ddc _cDC |
||
| 999 |
_c3140 _d3140 |
||